Highest GDP Countries - Statistics

General Stats
  • This quiz has been taken 549 times
  • The average score is 18 of 20
Answer Stats
GDP ($US millions) Answer % Correct
8 227 037 China
100%
2 608 699 France
99%
15 684 750 USA
99%
3 400 579 Germany
97%
5 963 969 Japan
97%
2 021 960 Russia
97%
2 440 505 UK
97%
1 824 832 India
96%
2 395 698 Brazil
95%
2 014 079 Italy
95%
1 819 081 Canada
94%
1 541 797 Australia
92%
1 177 116 Mexico
92%
1 352 057 Spain
92%
1 155 872 South Korea
86%
878 198 Indonesia
85%
727 307 Saudi Arabia
78%
794 468 Turkey
75%
773 116 Netherlands
65%
632 400 Switzerland
63%
No matching quizzes found
Score Distribution
Percent of People with Each Score
Percentile by Number Answered
Your Score History
You have not taken this quiz